000
00241nam a22001097a 4500
082
_a
808.3 WES'F
100
_a
WEST, REBECCA
_9
57901
245
_a
THE FOUNTAIN OVERFLOWS
260
_a
LONDON
_b
MACMILLAN
_c
1957
300
_a
392P
942
_c
BK
999
_c
568144
_d
568144